000 00675nam a2200253Ia 4500
001 41242
005 20240114003411.0
007 ta
008 080213s2008 g b000 u 903 u
020 _a81-219-2776-5
040 _aCotton College Assam
041 _a903
082 _a310
_bAr 67 St
100 _aArora, P N .
245 0 _aComprehensive Statistical Methods /
_cP N Arora and Others.
_hTextual Documents
250 _a2nd edn. /
260 _aNew Delhi :
_bS Chand & Co Ltd ,
_c2008.
300 _aSt-44p. ;
_c22cm..
653 _aStatistical Methods
942 _2ddc
_cBK
999 _c41210
_d41210